Normal view MARC view
  • Ribes Iñesta, Emilio

Entry Nombre Personal

Number of records used in: 26

001 - NUMERO DE CONTROL

  • campo de control: 29599

003 - IDENTIFICADOR DE NUMERO DE CONTROL

  • campo de control: DLC

005 - FECHA Y HORA DE LA ÜLTIMA TRANSACCIÓN

  • campo de control: 20220502134906.0

008 - DATOS DE LONGITUD FIJA

  • campo de control de longitud fija: 220502n| azannaabn |a aaa

010 ## - NÚMERO DE CONTROL DE LA BIBLIOTECA DEL CONGRESO

  • Número de control LC: n 50058375

035 ## - NUMERO DE CONTROL

  • Número de control: (OCoLC)oca00092955

035 ## - NUMERO DE CONTROL

  • Número de control: (CaEvSKY)skya1178721

040 ## - FUENTE DE CATALOGACIÓN

  • Agencia original de catalogación: DLC
  • Lenguaje de catalogación: spa
  • Description conventions: rda
  • Agencia de transcripción: DLC
  • Agencia que lo modifica: DLC
  • Agencia que lo modifica: OCoLC
  • Agencia que lo modifica: MX-SlUA
  • Agencia que lo modifica: MX-MxUPN

100 1# - ENCABEZAMIENTO - NOMBRE PERSONAL

  • Nombre personal: Ribes Iñesta, Emilio

372 ## - CAMPO DE ACTIVIDAD

  • Field of activity: Traducción

374 ## - OCUPACIÓN

  • Occupation: Traductor
  • Fuente del término: lcsh

375 ## - GÉNERO

  • Gender: masculino
  • Fuente del término: lcdgt

377 ## - LENGUA ASOCIADA

  • Language code: spa

400 1# - VEÁSE - NOMBRE DE PERSONA

  • Personal name: Iñesta, Emilio Ribes

670 ## - FUENTE EN LA QUE SE LOCALIZARON DATOS

  • Cita de la fuente: Symposium on Behavior Modification 1st, University of Veracruz, 1971.
  • Información localizada: Behavior modification ... 1972.

670 ## - FUENTE EN LA QUE SE LOCALIZARON DATOS

  • Cita de la fuente: El Estudio experimental de la conducta (surrogate):
  • Información localizada: portada (Emilio Ribes Iñesta)

670 ## - FUENTE EN LA QUE SE LOCALIZARON DATOS

  • Cita de la fuente: Métrica de la personalidad, 1971 :
  • Información localizada: portada (Traductor Emilio Ribes Iñesta)

902 ## - CATALOGADOR

  • Catalogador: NDAF/220502